Integración regional en Centroamérica. Primera parte: La reactivación del Mercado Común Centroamericano /

Bewaard in:
Bibliografische gegevens
Hoofdauteur: Bulmer Thomas, Víctor
Formaat: Onbekend
Gepubliceerd in: San José: FLACSO. Programa Costa Rica
Onderwerpen:
Tags: Voeg label toe
Geen labels, Wees de eerste die dit record labelt!

MARC

LEADER 00000 a2200000 04500
001 11785
003
008 991231s d
040
090 |a 140802  
100 |a Bulmer Thomas, Víctor  
245 |a Integración regional en Centroamérica. Primera parte: La reactivación del Mercado Común Centroamericano /  |c Víctor Bulmer Thomas 
260 |a San José:   |b FLACSO. Programa Costa Rica  
300 |a 350 p.; n. 2  
650 |a COMERCIO INTRARREGIONAL  
650 |a DESARROLLO DEL COMERCIO  
650 |a POLITICA DEL COMERCIO EXTERIOR  
650 |a MERCADOS COMUNES  
650 |a MCCA  
650 |a ANALISIS ESTADISTICO  
999 |c 9010  |d 9010